All Wage War Songs - Statistics

General Stats
  • This quiz has been taken 14 times
    13 since last reset
  • The average score is 16 of 79
Answer Stats
Hint Answer % Correct
STIGMA BLUR
100%
Deadweight Deadweight
100%
IT CALLS ME BY NAME EP KARMA
100%
Pressure Low
100%
STIGMA MAGNETIC
100%
Manic Manic
100%
Manic Never Said Goodbye
100%
The Stripped Sessions Never Said Goodbye (Stripped)
100%
IT CALLS ME BY NAME EP SONG OF THE SWAMP
100%
IT CALLS ME BY NAME EP 4x4
50%
IT CALLS ME BY NAME EP BLINDFOLD
50%
Manic Godspeed
50%
The Stripped Sessions Godspeed (Stripped)
50%
STIGMA HAPPY HUNTING
50%
STIGMA HELLBENT
50%
Deadweight Johnny Cash
50%
Deadweight Stitch
50%
Manic Teeth
50%
The Fall of Kings EP (Empires Release) The Fall of Kings
50%
Blueprints The River
50%
STIGMA TOMBSTONE
50%
Deadweight Witness
50%
Blueprints Alive
0%
The Fall of Kings EP (Empires Release) A World Reborn
0%
Blueprints Basic Hate
0%
Blueprints Blueprints
0%
Manic Circle the Drain
0%
The Stripped Sessions Circle the Drain (Stripped)
0%
The Fall of Kings EP (Empires Release) Conquerors
0%
Blueprints Deadlocked
0%
Manic Death Roll
0%
Blueprints Desperate
0%
Deadweight Disdain
0%
The Fall of Kings EP (Empires Release) Divides
0%
Deadweight Don't Let Me Fade Away
0%
Blueprints Enemy
0%
The Stripped Sessions Folsom Prison Blues (Stripped)
0%
Pressure Forget My Name
0%
Pressure Fury
0%
Pressure Ghost
0%
Pressure Grave
0%
The Stripped Sessions Grave (Stripped)
0%
Deadweight Gravity
0%
The Stripped Sessions Gravity (Stripped)
0%
Manic High Horse
0%
Blueprints Hollow
0%
Pressure Hurt
0%
The Stripped Sessions Hurt (Stripped)
0%
STIGMA IF THIS HOW IT ENDS?
0%
Manic If Tomorrow Never Comes
0%
Deadweight Indestructible
0%
STIGMA IN MY BLOOD
0%
The Stripped Sessions Johnny Cash (Stripped)
0%
The Fall of Kings EP (Empires Release) Maelstrom
0%
Pressure Me Against Myself
0%
The Stripped Sessions Me Against Myself (Stripped)
0%
Deadweight My Grave is Mine to Dig
0%
STIGMA NAIL5
0%
Deadweight Never Enough
0%
Pressure Prison
0%
The Stripped Sessions Prison (Stripped)
0%
IT CALLS ME BY NAME EP PURIFY
0%
Manic Relapse
0%
STIGMA SELF SACRIFICE
0%
Manic Slow Burn
0%
The Stripped Sessions Slow Burn (Stripped)
0%
Deadweight Southbound
0%
Blueprints Spineless
0%
Blueprints (Anniversary Edition) Surrounded
0%
Pressure Take the Fight
0%
Pressure The Line
0%
The Fall of Kings EP (Empires Release) The Only Escape
0%
STIGMA THE SHOW'S ABOUT TO START
0%
Manic True Colors
0%
Blueprints Twenty One
0%
Deadweight Two Years
0%
Pressure Who I Am
0%
Pressure Will We Ever Learn?
0%
Blueprints Youngblood
0%
No matching quizzes found
Score Distribution
Percent of People with Each Score
Percentile by Number Answered
Your Score History
You have not taken this quiz since the last reset